| 000 | 00570nam a22001337a 4500 | ||
|---|---|---|---|
| 040 | _cRUA | ||
| 082 | _aAGR CHH 2010 B044 Or.1 | ||
| 100 | _aCHHENG, MAKARA. | ||
| 245 | _aComparison between different rice varieties in rainy season condition ការប្រៀបធៀបពូជស្រូវផ្សេងៗគ្នាល័ក្ខខ័ណ្ឌរដូវវស្សា | ||
| 260 |
_aPhnom Penh _bRUA _c2010 |
||
| 300 |
_aix; 40p. _bill. _c29cm. |
||
| 856 | _uhttps://drive.google.com/file/d/1jlxH-tspT8WAygw3Wkn0y1ToQCeYyog8/view?usp=sharing | ||
| 942 | _cAGR | ||
| 999 |
_c1020 _d1020 |
||